000 00601nam a2200217Ia 4500
005 20250326144120.0
008 250326s9999 xx 000 0 und d
020 _a978-0-7546-4721-8
037 _aTextbook
040 _aFMSL
_beng
_cFMSL
041 _aeng
_2eng
084 _aX:74 P7
_qFMSL
100 _aHond FD
_9749064
245 0 _aManaging corporate social responsibility in action
_cHond Fd; Bakker D
260 _aUSA
_bUSA, Ashgate
_c2007
300 _ax,263
365 _b4533.1000000000004
650 _aManagement
942 _cTB
_hX:74 P7
999 _c1302418
_d1302418